Sound transmission through buildings using statistical energy analysis. (Record no. 101136)

MARC details
000 -LEADER
fixed length control field 00584cam a2200205 4500
008 - FIXED-LENGTH DATA ELEMENTS--GENERAL INFORMATION
fixed length control field 000000n 000 0 eng u
020 ## - INTERNATIONAL STANDARD BOOK NUMBER
International Standard Book Number 0566075725
035 ## - SYSTEM CONTROL NUMBER
System control number (Sirsi) u110826
050 ## - LIBRARY OF CONGRESS CALL NUMBER
Classification number 693.834
100 ## - MAIN ENTRY--PERSONAL NAME
Personal name Craik, Robert J.M.
245 ## - TITLE STATEMENT
Title Sound transmission through buildings using statistical energy analysis.
260 ## - PUBLICATION, DISTRIBUTION, ETC.
Place of publication, distribution, etc. Hampshire
Name of publisher, distributor, etc. Gower $1 996
300 ## - PHYSICAL DESCRIPTION
Extent xviii, 261p.; 24cm.
350 ## - PRICE (NR) (BK AM CF MU VM SE) [OBSOLETE]
Price 55.00
650 ## - SUBJECT ADDED ENTRY--TOPICAL TERM
Topical term or geographic name entry element SOUND PROOFING
650 ## - SUBJECT ADDED ENTRY--TOPICAL TERM
Topical term or geographic name entry element BUILT ENVIRONMENT-CONSTRUCTION DESIGN-ACOUSTICS
650 ## - SUBJECT ADDED ENTRY--TOPICAL TERM
Topical term or geographic name entry element VIBRATIONS
690 ## - LOCAL SUBJECT ADDED ENTRY--TOPICAL TERM (OCLC, RLIN)
Topical term or geographic name as entry element BUILT ENVIRONMENT
942 ## - ADDED ENTRY ELEMENTS (KOHA)
Suppress in OPAC 0
Holdings
Withdrawn status Lost status Source of classification or shelving scheme Damaged status Not for loan Home library Current library Shelving location Date acquired Cost, normal purchase price Total Checkouts Full call number Barcode Date last seen Date last checked out Copy number Cost, replacement price Price effective from Koha item type
    Dewey Decimal Classification     London London Books 07/02/2001 55.00 1 693.834 CRA 30063560 06/08/2019 23/03/2004 1 55.00 06/08/2019 Book